000
00221nam a22000857a 4500
008
160624b xxu||||| |||| 00| 0 eng d
100
_9
1067
_a
Plaidy, J
245
_a
Sweet lass of Richmond Hill
260
_a
N.Y
_b
Random House
_c
1970
999
_c
853
_d
853